00517nam a2200145Ia 4500003000900000008004100009020002600050040001600076100002400092245006700116260003200183300002000215490003300235856010300268IN-BaIIA211028s9999 xx s 000 0 eng d a9780819430144 (Print) cIIA Library aLiang, Pingzhi, ed. 0aDetectors, Focal Plane Arrays, and Imaging Devices IIh[eBook] aWashington, USAbSPIEc1998 aOnline resource aProceedings of SPIE; V. 3553 uhttps://www.spiedigitallibrary.org/conference-proceedings-of-spie/3553yClick Here to Access eBook